000 00906nam a2200289 a 4500
008
020 _a1555875475 (alk. paper)
049 _aMAIN
090 _aDT30.5
_bUND
245 0 0 _aUnderstanding contemporary Africa /
_cedited by April A. Gordon & Donald L. Gordon.
250 _a2nd ed.
260 _aBoulder :
_bL. Rienner Publishers,
_c1996.
300 _axiv, 432 p. :
_bill., maps ;
_c23 cm.
490 1 _aUnderstanding.
504 _aIncludes bibliographical references.
500 _aIncludes index.
651 0 _aAfrica
_xPolitics and government
_y1960-
651 0 _aAfrica
_xSocial conditions
_y1960-
653 0 _aAfrica
_aHistory,1960-
700 1 _aGordon, April A.
700 1 _aGordon, Donald L.
907 _a.b10076724
_b13-02-09
_c12-06-03
003
005 20230123133254.0
040 _cNUST
942 _cBOOKS
_kDT30.5
_mUND
999 _c145725
_d145725